IIHSG International Conference 2023: security, identity & global governance: India and the worldn (Record no. 524517)

000 -LEADER
fixed length control field 00395nam a22001097a 4500
082 ## - DEWEY DECIMAL CLASSIFICATION NUMBER
Classification number D7 In8
245 ## - TITLE STATEMENT
Title IIHSG International Conference 2023: security, identity & global governance: India and the worldn
260 ## - PUBLICATION, DISTRIBUTION, ETC. (IMPRINT)
Place of publication, distribution, etc New Delhi
Name of publisher, distributor, etc Interdisciplinary Institute of Human Security & Governance
Date of publication, distribution, etc 2023
300 ## - PHYSICAL DESCRIPTION
Extent 414p.
650 ## - SUBJECT ADDED ENTRY--TOPICAL TERM
Topical term or geographic name as entry element World politics
9 (RLIN) 42400
650 ## - SUBJECT ADDED ENTRY--TOPICAL TERM
Topical term or geographic name as entry element International cooperation
9 (RLIN) 42401
Holdings
Withdrawn status Lost status Source of classification or shelving scheme Damaged status Koha normalized classification for sorting Not for loan Permanent location Current location Shelving location Date acquired Full call number Barcode Date last seen Price effective from Koha item type
        D_7_000000000000000_IN8   Indian Institute of Public Administration Indian Institute of Public Administration On Display 2023-12-11 D7 In8 Gr24783 2023-12-11 2023-12-11 GR

Powered by Koha